FIFA World Cup Host Capitals - Statistics

General Stats
  • This quiz has been taken 31 times
  • The average score is 10 of 12
Answer Stats
# City % Correct
20 Paris / Saint-Denis
100%
9 Berlin
96%
12 Moscow
96%
23 Mexico City
93%
12 Buenos Aires
89%
10 London
89%
18 Montevideo
89%
9 Rome
89%
8 Stockholm (Solna)
85%
10 Santiago
81%
15 Doha
78%
8 Cape Town
63%
No matching quizzes found
Score Distribution
Percent of People with Each Score
Percentile by Number Answered
Your Score History
You have not taken this quiz